Car Brands - Statistics

General Stats
  • This quiz has been taken 69 times
  • The average score is 31 of 79
Answer Stats
Hint Answer % Correct
B - Germany BMW
82%
V - Germany Volkswagen
80%
A - Germany Audi
78%
H - Japan Honda
78%
F - Italy Ferrari
76%
F - United States Ford
76%
A - Italy Alfa Romeo
75%
C - United States Chevrolet
75%
L - Italy Lamborghini
75%
M - Germany Mercedes Benz
73%
T - Japan Toyota
73%
H - Japan Hyundai
67%
N - Japan Nissan
65%
B - United Kingdom Bentley
63%
T - United States Tesla
61%
K - South Korea Kia
59%
M - Japan Mazda
59%
P - France Peugeot
59%
R - France Renault
59%
S - Japan Suzuki
59%
D - United States Dodge
57%
F - Italy Fiat
57%
L - Japan Lexus
57%
P - Germany Porsche
57%
V - Sweden Volvo
57%
B - France Bugatti
55%
O - Germany Opel
55%
M - Japan Mitsubishi
53%
J - United Kingdom Jaguar
51%
J - United States Jeep
51%
M - Italy Maserati
49%
R - United Kingdom Rolls Royce
49%
S - Japan Subaru
47%
A - Japan Acura
45%
A - United Kingdom Aston Martin
45%
M - United Kingdom Mini
45%
B - United States Buick
43%
L - United Kingdom Land Rover
43%
C - United States Cadillac
41%
A - Italy Abarth
39%
P - Italy Pagani
39%
I - Japan Isuzu
35%
R - United States Ram
35%
C - United States Chrysler
33%
M - United Kingdom McLaren
33%
S - Sweden Saab
33%
G -United States GMC
31%
I - Japan Infiniti
31%
L - Italy Lancia
31%
L - United Kingdom Lotus
31%
H - United States Hummer
29%
L - United States Lincoln
29%
K - Sweden Koenigsegg
27%
M - Germany Maybach
25%
P - United States Pontiac
25%
D - Japan Datsun
24%
H - Australia Holden
24%
O - United States Oldsmobile
22%
D - Japan Daihatsu
20%
M - United States Mercury
20%
P - United States Plymouth
20%
S - United States Saturn
20%
D - United States DeLorean
14%
G - South Korea Genesis
14%
A - Bulgaria Alpine
12%
A - United States AMC
12%
H - United States Hennessey
10%
S - Japan Scion
10%
R - United States Rivian
8%
S - United States Saleen
8%
U - United Kingdom Ultima
8%
E - United States Edsel
6%
K - Austria KTM
6%
A - United States Apollo
4%
D - Canada Dupont
2%
P - United States Packard
2%
S - United States Studebaker
2%
G - United States Geo
0%
S - United States Shelby Motors
0%
No matching quizzes found
Score Distribution
Percent of People with Each Score
Percentile by Number Answered
Your Score History
You have not taken this quiz